00472 2200181 4500001002100000005001500021008004100036020001800077035001900095041000700114082001000121090001600131100001800147245003000165260003600195300003200231650002700263INLIS00000000002087820241224130929241224||||||||| | ||| |||| || |  a602-9816-15-2 0010-1224020878 aid0 a618.2 a618.2 DIA p0 aDian Mardiana00aPanduan Praktis Kehamilan aYogyakartabPenerbit Kytac2016 aviii + 120 ; 15,5 x 23,5 cm 0aBuku Panduan Kehamilan